Your guide to Sri Lanka (Record no. 23087)

MARC details
000 -LEADER
fixed length control field 00306nam a2200121Ia 4500
082 ## - DEWEY DECIMAL CLASSIFICATION NUMBER
Classification number RR 915.49304 YOU;
245 #0 - TITLE STATEMENT
Title Your guide to Sri Lanka
260 ## - PUBLICATION, DISTRIBUTION, ETC. (IMPRINT)
Place of publication s.l.
Name of publisher AVIS Holiday Services
Year of publication 1982
300 ## - PHYSICAL DESCRIPTION
Number of Pages 173p.
650 ## - SUBJECT ADDED ENTRY--TOPICAL TERM
Topical Term Traveler's writing
650 ## - SUBJECT ADDED ENTRY--TOPICAL TERM
Topical Term Sri Lanka - Description and travel
942 ## - ADDED ENTRY ELEMENTS (KOHA)
Koha item type Books
Holdings
Withdrawn status Lost status Damaged status Not for loan Home library Current library Date acquired Bill Date Full call number Accession Number Price effective from Koha item type
        NASSDOC Library NASSDOC Library 08/06/2004 2004-10-22 RR 915.49304 YOU; 30229 18/04/2019 Books